书目信息 |
| 题名: |
我的舞台艺术
|
|
| 作者: | 赵燕侠 著 | |
| 分册: | ||
| 出版信息: | 武汉 长江文艺出版社 1983 |
|
| 页数: | 207页 | |
| 开本: | 19cm | |
| 丛书名: | ||
| 单 册: | ||
| 中图分类: | J821.2 | |
| 科图分类: | ||
| 主题词: | 京剧-赵燕侠-表演艺术 , 表演艺术-京剧-赵燕侠 | |
| 电子资源: | ||
| ISBN: | ||
| 000 | 00671nam0 2200253 45 | |
| 001 | 0183004118 | |
| 005 | 20060804110546.04 | |
| 010 | @dCNY1.06 | |
| 091 | @aCN@b10107.286 | |
| 100 | @a19950414d1983 em y0chiy0121 ea | |
| 101 | 0 | @achi |
| 102 | @aCN@b420000 | |
| 105 | @af z 000za | |
| 200 | 10 | @a我的舞台艺术@Awo de wu tai yi shu@f赵燕侠著 |
| 210 | @a武汉@c长江文艺出版社@d1983 | |
| 215 | @a207页@c照片@d19cm | |
| 600 | 0 | @a赵燕侠-京剧-表演艺术 |
| 606 | @a京剧-赵燕侠-表演艺术 | |
| 606 | @a表演艺术-京剧-赵燕侠 | |
| 690 | @aJ821.2@v3 | |
| 701 | 0 | @a赵燕侠@Azhao yan xia@4著 |
| 801 | 2 | @aCN@bNLC@c20060804 |
| 801 | 0 | @aCN@bTSSF |
| 905 | @a10447@dJ821.2@e71 | |
| 我的舞台艺术/赵燕侠著.-武汉:长江文艺出版社,1983 |
| 207页:照片;19cm |
| ISBN :CNY1.06 |
| ● |
| 相关链接 |
|
|
|
|
正题名:我的舞台艺术
索取号:J821.2/71
 
预约/预借
| 序号 | 登录号 | 条形码 | 馆藏地/架位号 | 状态 | 备注 |
| 1 | 0444584 | 204445840 | 密集书库/ [索取号:J821.2/71] | 在馆 |